| 000 | 01286nam a2200265Ia 4500 | ||
|---|---|---|---|
| 003 | Ost | ||
| 005 | 20260416102355.0 | ||
| 008 | 260416s9999||||xx |||||||||||||| ||und|| | ||
| 040 | _cfsecg | ||
| 041 | _aara | ||
| 082 | _a332 | ||
| 100 |
_aعزوز، عائشة _eمؤلف |
||
| 245 | 0 |
_aمحاضرات في الإقتصاد النقدي والأسواق المالية / _c عائشة عزوز |
|
| 260 |
_aالجزائر _bجامعة الجزائر3: كلية العلوم الإقتصادية، العلوم التجارية وعلوم التسيير _c2019 |
||
| 300 |
_a145 ورقة _bايضاحات _c30 سم |
||
| 504 | _aمراجع ص.147 | ||
| 520 | _aماهية النقود، الانظمة النقدية و العرض النقدي، النظام المصرفي، السياسة النقدية، النظريات النقدية، الاسواق المالية ودورها في التمويل | ||
| 653 | _aالاقتصاد المالي | ||
| 653 | _aالبورصات | ||
| 653 | _aالسياسة النقدية | ||
| 653 | _aالنظام النقدي | ||
| 653 | _aالنقود | ||
| 710 |
_aجامعة الجزائر3: كلية العلوم الإقتصادية، العلوم التجارية وعلوم التسيير _eناشر علمي |
||
| 942 | _cHANDOUT | ||
| 999 |
_c41161 _d41161 |
||